[Event "Voronezh op-B 23rd"]
[Site "Voronezh"]
[Date "2019.06.20"]
[Round "9"]
[White "Gopienko, Aleksandr"]
[Black "Kuskova, Ruslana"]
[Result "1-0"]
[WhiteElo "1008"]
[BlackElo "1177"]
[PlyCount "65"]
[EventDate "2019.06.12"]
[EventType "swiss"]
[EventRounds "9"]
[EventCountry "RUS"]
[SourceTitle "EXT 2020"]
[Source "ChessBase"]
[SourceDate "2019.10.17"]
[SourceVersion "1"]
[SourceVersionDate "2019.10.17"]
[SourceQuality "1"]

1. e4 e5 2. f4 d5 3. exd5 exf4 4. Nf3 Nf6 5. Bc4 Nxd5 6. 0-0 Be7 7. Nc3 Nxc3 8. bxc3 0-0 9. d4 Qd6 10. Ne5 Bg5 11. Qh5 Qe7 12. Bxf7+ Rxf7 13. Nxf7 Bf6 14. Ne5 Nc6 15. Nxc6 bxc6 16. Bxf4 Ba6 17. Rfe1 Qd7 18. Qa5 Bb7 19. Qxc7 Qxc7 20. Bxc7 c5 21. Be5 cxd4 22. Bxf6 gxf6 23. cxd4 Kf7 24. c4 Rc8 25. Rac1 Ba6 26. c5 Rd8 27. Red1 Bc8 28. d5 Bg4 29. Rd4 Bd7 30. c6 Bc8 31. d6 Be6 32. c7 Rc8 33. d7 1-0